Từ thi ca trong thơ mới

Một số vấn đề lí luận. Khảo sát, miêu tả từ thi ca trong thơ mới. Lớp từ thi ca trong mối quan hệ chung với ngôn ngữ thơ Mới

সংরক্ষণ করুন:
গ্রন্থ-পঞ্জীর বিবরন
প্রধান লেখক: Nguyễn Thị Thanh
অন্যান্য লেখক: Bùi Trọng Ngoãn T.S (Hướng dẫn)
বিন্যাস: গ্রন্থ
ভাষা:Vietnamese
প্রকাশিত: Đà Nẵng Đại học Sư phạm, Đại học Đà Nẵng 2012
বিষয়গুলি:
ট্যাগগুলো: ট্যাগ যুক্ত করুন
কোনো ট্যাগ নেই, প্রথমজন হিসাবে ট্যাগ করুন!
Thư viện lưu trữ: Mạng thư viện Đại học Đà Nẵng
LEADER 01604nam a2200349 4500
001 000017081
003 13492
005 20130301090328.0
008 130301s2012 viesd
041 0 |a vie 
082 |a 895.9221  |b NG-T 
100 1 |a Nguyễn Thị Thanh 
245 |a Từ thi ca trong thơ mới  |c Nguyễn Thị Thanh ; Bùi Trọng Ngoãn hướng dẫn  |k Khóa luận tốt nghiệp 
260 |a Đà Nẵng  |b Đại học Sư phạm, Đại học Đà Nẵng  |c 2012 
300 |a 57 tr.  |c 29 cm. 
500 |a Khóa luận tốt nghiệp đại học. Chuyên ngành: Sư phạm Ngữ văn 
504 |a Mục lục đầu trang, tài liệu tham khảo tr. 73 - 74, phụ lục [13 tr.] 
520 |a Một số vấn đề lí luận. Khảo sát, miêu tả từ thi ca trong thơ mới. Lớp từ thi ca trong mối quan hệ chung với ngôn ngữ thơ Mới 
600 1 4 |b Vua  |c Đinh Tiên Hoàng 
650 0 4 |a Thơ Việt Nam  |v Khóa luận tốt nghiệp  |x Thơ Mới  |x Nghiên cứu  |z Việt Nam 
653 |a Thơ Mới  |a Khoa Ngữ văn 
700 |a Bùi Trọng Ngoãn  |c T.S  |e Hướng dẫn 
OWN |a LSP 
AVA |a UDN50  |b LSP  |d 895.9221 NG-T  |e available  |t Error 5001 Not defined in file expand_doc_bib_avail.  |f 1  |g 0  |h N  |i 0  |k 1 
999 |a From the UDN01 
AVA |a UDN50  |b LSP  |d 895.9221 NG-T  |e available  |t Error 5001 Not defined in file expand_doc_bib_avail.  |f 1  |g 0  |h N  |i 0  |k 1 
TYP |a Monograph 
TYP |a Printed language 
980 |a Mạng thư viện Đại học Đà Nẵng